| 000 | 00365nam a22001577a 4500 | ||
|---|---|---|---|
| 003 | SGT | ||
| 020 | _a9789332549685 | ||
| 082 | _a621.382,TOM | ||
| 100 | _aTOMASI,WAYNE | ||
| 245 | _aADVANCED ELECTRONIC COMMUNICATION SYSTEM | ||
| 250 | _a6TH | ||
| 260 |
_aNOIDA (U.P.) _bPEARSON _c2016 |
||
| 300 | _a615 | ||
| 650 | _aELECTRONIC ENGINEERING | ||
| 942 |
_2ddc _cBK |
||
| 999 |
_c18315 _d18315 |
||